00419nam a2200145Ia 4500008004100000041000900041082001700050100001800067245002700085260003400112300000800146650000800154999001700162952009400179230718s9999 xx 000 0 und d aEng. a34202bIQB-C aIqbal, Usman  0aConstitution of united aPakistanbManzoor law bookc" a304 aLaw c28491d28491 00104070aSIRC-LbSIRC-Ld2023-07-18l0o34202 IQB-Cp23443r2023-07-18w2023-07-18yBK